Valuation and sale price report 2009 (Record no. 110260)

MARC details
000 -LEADER
fixed length control field 01298cad a22002775a 4500
001 - CONTROL NUMBER
control field E148846
008 - FIXED-LENGTH DATA ELEMENTS--GENERAL INFORMATION
fixed length control field 091117s2009 xxkad f s 000 0 eng d
020 ## - INTERNATIONAL STANDARD BOOK NUMBER
International Standard Book Number 9781842195529
035 ## - SYSTEM CONTROL NUMBER
System control number (Sirsi) u148846
041 0# - LANGUAGE CODE
Language code of text/sound track or separate title eng
050 04 - LIBRARY OF CONGRESS CALL NUMBER
Classification number 333.337 $2 18
110 2# - MAIN ENTRY--CORPORATE NAME
Corporate name or jurisdiction name as entry element Royal Institution of Chartered Surveyors
9 (RLIN) 4900
245 00 - TITLE STATEMENT
Title Valuation and sale price report 2009
Medium [electronic resource]
260 ## - PUBLICATION, DISTRIBUTION, ETC.
Place of publication, distribution, etc. London
Name of publisher, distributor, etc. RICS
Date of publication, distribution, etc. 2009
505 2# - FORMATTED CONTENTS NOTE
Formatted contents note Foreword -- Introduction -- European overview -- France: country summary -- Germany: country summary -- Netherlands: country summary -- UK: country summary -- Appendices
520 ## - SUMMARY, ETC.
Summary, etc. Examines the reasons for, and scale of, variations between sale prices and valuations for commercial property in the UK, France, Germany and the Netherlands. Finds that all countries bar the UK saw the majority of assets continuing to be sold above valuation in 2008.
590 ## - LOCAL NOTE (RLIN)
Local note KA NTK
651 #4 - SUBJECT ADDED ENTRY--GEOGRAPHIC NAME
Geographic name United Kingdom
Chronological subdivision
651 #4 - SUBJECT ADDED ENTRY--GEOGRAPHIC NAME
Geographic name France
651 #4 - SUBJECT ADDED ENTRY--GEOGRAPHIC NAME
Geographic name Germany
Chronological subdivision 1990-
651 #4 - SUBJECT ADDED ENTRY--GEOGRAPHIC NAME
Geographic name Netherlands
690 ## - LOCAL SUBJECT ADDED ENTRY--TOPICAL TERM (OCLC, RLIN)
Topical term or geographic name as entry element PROPERTY-PROPERTY APPRAISAL AND VALUATION
710 1# - ADDED ENTRY--CORPORATE NAME
Corporate name or jurisdiction name as entry element Investment Property Databank
9 (RLIN) 2288
856 40 - ELECTRONIC LOCATION AND ACCESS
Uniform Resource Identifier <a href="https://www.rics.org/Global/Downloads/2009_Valuation_and_Sale_Price_Report.pdf">https://www.rics.org/Global/Downloads/2009_Valuation_and_Sale_Price_Report.pdf</a>
Public note View this report free of charge at www.rics.org...
942 ## - ADDED ENTRY ELEMENTS (KOHA)
Suppress in OPAC 0
Holdings
Withdrawn status Lost status Source of classification or shelving scheme Damaged status Not for loan Home library Current library Shelving location Date acquired Total Checkouts Full call number Barcode Date last seen Copy number Price effective from Koha item type
    Dewey Decimal Classification     Virtual Virtual Online 17/11/2009   ONLINE PUBLICATION 148846-2001 06/08/2019 1 06/08/2019 Book